<?xml version="1.0" encoding="UTF-8"?>
<record
    xmlns:xsi="http://www.w3.org/2001/XMLSchema-instance"
    xsi:schemaLocation="http://www.loc.gov/MARC21/slim http://www.loc.gov/standards/marcxml/schema/MARC21slim.xsd"
    xmlns="http://www.loc.gov/MARC21/slim">

  <leader>01201nam a2200565Ia 4500</leader>
  <controlfield tag="003">OSt</controlfield>
  <controlfield tag="005">20140319093206.0</controlfield>
  <controlfield tag="008">140130s9999    xx            000 0 und d</controlfield>
  <datafield tag="020" ind1=" " ind2=" ">
    <subfield code="a">9780590440158</subfield>
  </datafield>
  <datafield tag="050" ind1=" " ind2=" ">
    <subfield code="a">PZ 8.1</subfield>
    <subfield code="b">.B755Mi 1990</subfield>
  </datafield>
  <datafield tag="100" ind1=" " ind2=" ">
    <subfield code="a">Brett, Jan.</subfield>
  </datafield>
  <datafield tag="245" ind1=" " ind2=" ">
    <subfield code="c">Jan Brett.</subfield>
    <subfield code="a">The Mitten /</subfield>
  </datafield>
  <datafield tag="260" ind1=" " ind2=" ">
    <subfield code="b">Scholastic Inc.,</subfield>
    <subfield code="c">c1990.</subfield>
    <subfield code="a">USA :</subfield>
  </datafield>
  <datafield tag="300" ind1=" " ind2=" ">
    <subfield code="a">30 p. :</subfield>
    <subfield code="b">col. ill. ;</subfield>
    <subfield code="c">26 cm.</subfield>
  </datafield>
  <datafield tag="440" ind1=" " ind2=" ">
    <subfield code="v">1</subfield>
  </datafield>
  <datafield tag="521" ind1=" " ind2=" ">
    <subfield code="a">G6</subfield>
  </datafield>
  <datafield tag="526" ind1=" " ind2=" ">
    <subfield code="c">800</subfield>
  </datafield>
  <datafield tag="650" ind1=" " ind2=" ">
    <subfield code="a">Folklore</subfield>
    <subfield code="x">Ukraine. </subfield>
  </datafield>
  <datafield tag="650" ind1=" " ind2=" ">
    <subfield code="a">Mittens</subfield>
    <subfield code="x">Folklore.</subfield>
  </datafield>
  <datafield tag="942" ind1=" " ind2=" ">
    <subfield code="c">BK</subfield>
    <subfield code="2">lcc</subfield>
  </datafield>
  <datafield tag="999" ind1=" " ind2=" ">
    <subfield code="c">42185</subfield>
    <subfield code="d">42185</subfield>
  </datafield>
  <datafield tag="952" ind1=" " ind2=" ">
    <subfield code="0">0</subfield>
    <subfield code="1">0</subfield>
    <subfield code="2">lcc</subfield>
    <subfield code="4">0</subfield>
    <subfield code="a">MU</subfield>
    <subfield code="b">MU</subfield>
    <subfield code="c">SCHO</subfield>
    <subfield code="d">2014-01-30</subfield>
    <subfield code="l">0</subfield>
    <subfield code="o">PZ 8.1 .B755Mi 1990</subfield>
    <subfield code="p">MS2741</subfield>
    <subfield code="r">2014-01-30 00:00:00</subfield>
    <subfield code="t">1</subfield>
    <subfield code="y">BK</subfield>
  </datafield>
  <datafield tag="952" ind1=" " ind2=" ">
    <subfield code="0">0</subfield>
    <subfield code="1">0</subfield>
    <subfield code="2">lcc</subfield>
    <subfield code="4">0</subfield>
    <subfield code="a">MU</subfield>
    <subfield code="b">MU</subfield>
    <subfield code="c">SCHO</subfield>
    <subfield code="d">2014-03-19</subfield>
    <subfield code="l">0</subfield>
    <subfield code="o">PZ 8.1 .B755Mi 1990</subfield>
    <subfield code="p">MS2740</subfield>
    <subfield code="r">2014-03-19 00:00:00</subfield>
    <subfield code="t">2</subfield>
    <subfield code="w">2014-03-19</subfield>
    <subfield code="y">BK</subfield>
  </datafield>
  <datafield tag="952" ind1=" " ind2=" ">
    <subfield code="0">0</subfield>
    <subfield code="1">0</subfield>
    <subfield code="2">lcc</subfield>
    <subfield code="4">0</subfield>
    <subfield code="a">MU</subfield>
    <subfield code="b">MU</subfield>
    <subfield code="c">SCHO</subfield>
    <subfield code="d">2014-03-19</subfield>
    <subfield code="l">0</subfield>
    <subfield code="o">PZ 8.1 .B755Mi 1990</subfield>
    <subfield code="p">MS2739</subfield>
    <subfield code="r">2014-03-19 00:00:00</subfield>
    <subfield code="t">3</subfield>
    <subfield code="w">2014-03-19</subfield>
    <subfield code="y">BK</subfield>
  </datafield>
  <datafield tag="952" ind1=" " ind2=" ">
    <subfield code="0">0</subfield>
    <subfield code="1">0</subfield>
    <subfield code="2">lcc</subfield>
    <subfield code="4">0</subfield>
    <subfield code="a">MU</subfield>
    <subfield code="b">MU</subfield>
    <subfield code="c">SCHO</subfield>
    <subfield code="d">2014-03-19</subfield>
    <subfield code="l">0</subfield>
    <subfield code="o">PZ 8.1 .B755Mi 1990</subfield>
    <subfield code="p">MS2738</subfield>
    <subfield code="r">2014-03-19 00:00:00</subfield>
    <subfield code="t">4</subfield>
    <subfield code="w">2014-03-19</subfield>
    <subfield code="y">BK</subfield>
  </datafield>
  <datafield tag="952" ind1=" " ind2=" ">
    <subfield code="0">0</subfield>
    <subfield code="1">0</subfield>
    <subfield code="2">lcc</subfield>
    <subfield code="4">0</subfield>
    <subfield code="a">MU</subfield>
    <subfield code="b">MU</subfield>
    <subfield code="c">SCHO</subfield>
    <subfield code="d">2014-03-19</subfield>
    <subfield code="l">0</subfield>
    <subfield code="o">PZ 8.1 .B755Mi 1990</subfield>
    <subfield code="p">MS2737</subfield>
    <subfield code="r">2014-03-19 00:00:00</subfield>
    <subfield code="t">5</subfield>
    <subfield code="w">2014-03-19</subfield>
    <subfield code="y">BK</subfield>
  </datafield>
  <datafield tag="952" ind1=" " ind2=" ">
    <subfield code="0">0</subfield>
    <subfield code="1">0</subfield>
    <subfield code="2">lcc</subfield>
    <subfield code="4">0</subfield>
    <subfield code="a">MU</subfield>
    <subfield code="b">MU</subfield>
    <subfield code="c">SCHO</subfield>
    <subfield code="d">2014-03-19</subfield>
    <subfield code="l">0</subfield>
    <subfield code="o">PZ 8.1 .B755Mi 1990</subfield>
    <subfield code="p">MS2736</subfield>
    <subfield code="r">2014-03-19 00:00:00</subfield>
    <subfield code="t">6</subfield>
    <subfield code="w">2014-03-19</subfield>
    <subfield code="y">BK</subfield>
  </datafield>
  <datafield tag="952" ind1=" " ind2=" ">
    <subfield code="0">0</subfield>
    <subfield code="1">0</subfield>
    <subfield code="2">lcc</subfield>
    <subfield code="4">0</subfield>
    <subfield code="a">MU</subfield>
    <subfield code="b">MU</subfield>
    <subfield code="c">SCHO</subfield>
    <subfield code="d">2014-03-19</subfield>
    <subfield code="l">0</subfield>
    <subfield code="o">PZ 8.1 .B755Mi 1990</subfield>
    <subfield code="p">MS2735</subfield>
    <subfield code="r">2014-03-19 00:00:00</subfield>
    <subfield code="t">7</subfield>
    <subfield code="w">2014-03-19</subfield>
    <subfield code="y">BK</subfield>
  </datafield>
  <datafield tag="952" ind1=" " ind2=" ">
    <subfield code="0">0</subfield>
    <subfield code="1">0</subfield>
    <subfield code="2">lcc</subfield>
    <subfield code="4">0</subfield>
    <subfield code="a">MU</subfield>
    <subfield code="b">MU</subfield>
    <subfield code="c">SCHO</subfield>
    <subfield code="d">2014-03-19</subfield>
    <subfield code="l">0</subfield>
    <subfield code="o">PZ 8.1 .B755Mi 1990</subfield>
    <subfield code="p">MS2734</subfield>
    <subfield code="r">2014-03-19 00:00:00</subfield>
    <subfield code="t">8</subfield>
    <subfield code="w">2014-03-19</subfield>
    <subfield code="y">BK</subfield>
  </datafield>
  <datafield tag="952" ind1=" " ind2=" ">
    <subfield code="0">0</subfield>
    <subfield code="1">0</subfield>
    <subfield code="2">lcc</subfield>
    <subfield code="4">0</subfield>
    <subfield code="a">MU</subfield>
    <subfield code="b">MU</subfield>
    <subfield code="c">SCHO</subfield>
    <subfield code="d">2014-03-19</subfield>
    <subfield code="l">0</subfield>
    <subfield code="o">PZ 8.1 .B755Mi 1990</subfield>
    <subfield code="p">MS2765</subfield>
    <subfield code="r">2014-03-19 00:00:00</subfield>
    <subfield code="t">9</subfield>
    <subfield code="w">2014-03-19</subfield>
    <subfield code="y">BK</subfield>
  </datafield>
  <datafield tag="952" ind1=" " ind2=" ">
    <subfield code="0">0</subfield>
    <subfield code="1">0</subfield>
    <subfield code="2">lcc</subfield>
    <subfield code="4">0</subfield>
    <subfield code="a">MU</subfield>
    <subfield code="b">MU</subfield>
    <subfield code="c">SCHO</subfield>
    <subfield code="d">2014-03-19</subfield>
    <subfield code="l">0</subfield>
    <subfield code="o">PZ 8.1 .B755Mi 1990</subfield>
    <subfield code="p">MS2733</subfield>
    <subfield code="r">2014-03-19 00:00:00</subfield>
    <subfield code="t">10</subfield>
    <subfield code="w">2014-03-19</subfield>
    <subfield code="y">BK</subfield>
  </datafield>
  <datafield tag="952" ind1=" " ind2=" ">
    <subfield code="0">0</subfield>
    <subfield code="1">0</subfield>
    <subfield code="2">lcc</subfield>
    <subfield code="4">0</subfield>
    <subfield code="a">MU</subfield>
    <subfield code="b">MU</subfield>
    <subfield code="c">SCHO</subfield>
    <subfield code="d">2014-03-19</subfield>
    <subfield code="l">0</subfield>
    <subfield code="o">PZ 8.1 .B755Mi 1990</subfield>
    <subfield code="p">MS2732</subfield>
    <subfield code="r">2014-03-19 00:00:00</subfield>
    <subfield code="t">11</subfield>
    <subfield code="w">2014-03-19</subfield>
    <subfield code="y">BK</subfield>
  </datafield>
  <datafield tag="952" ind1=" " ind2=" ">
    <subfield code="0">0</subfield>
    <subfield code="1">0</subfield>
    <subfield code="2">lcc</subfield>
    <subfield code="4">0</subfield>
    <subfield code="a">MU</subfield>
    <subfield code="b">MU</subfield>
    <subfield code="c">SCHO</subfield>
    <subfield code="d">2014-03-19</subfield>
    <subfield code="l">0</subfield>
    <subfield code="o">PZ 8.1 .B755Mi 1990</subfield>
    <subfield code="p">MS2731</subfield>
    <subfield code="r">2014-03-19 00:00:00</subfield>
    <subfield code="t">12</subfield>
    <subfield code="w">2014-03-19</subfield>
    <subfield code="y">BK</subfield>
  </datafield>
  <datafield tag="952" ind1=" " ind2=" ">
    <subfield code="0">0</subfield>
    <subfield code="1">0</subfield>
    <subfield code="2">lcc</subfield>
    <subfield code="4">0</subfield>
    <subfield code="a">MU</subfield>
    <subfield code="b">MU</subfield>
    <subfield code="c">SCHO</subfield>
    <subfield code="d">2014-03-19</subfield>
    <subfield code="l">0</subfield>
    <subfield code="o">PZ 8.1 .B755Mi 1990</subfield>
    <subfield code="p">MS2730</subfield>
    <subfield code="r">2014-03-19 00:00:00</subfield>
    <subfield code="t">13</subfield>
    <subfield code="w">2014-03-19</subfield>
    <subfield code="y">BK</subfield>
  </datafield>
  <datafield tag="952" ind1=" " ind2=" ">
    <subfield code="0">0</subfield>
    <subfield code="1">0</subfield>
    <subfield code="2">lcc</subfield>
    <subfield code="4">0</subfield>
    <subfield code="a">MU</subfield>
    <subfield code="b">MU</subfield>
    <subfield code="c">SCHO</subfield>
    <subfield code="d">2014-03-19</subfield>
    <subfield code="l">0</subfield>
    <subfield code="o">PZ 8.1 .B755Mi 1990</subfield>
    <subfield code="p">MS2728</subfield>
    <subfield code="r">2014-03-19 00:00:00</subfield>
    <subfield code="t">14</subfield>
    <subfield code="w">2014-03-19</subfield>
    <subfield code="y">BK</subfield>
  </datafield>
  <datafield tag="952" ind1=" " ind2=" ">
    <subfield code="0">0</subfield>
    <subfield code="1">0</subfield>
    <subfield code="2">lcc</subfield>
    <subfield code="4">0</subfield>
    <subfield code="a">MU</subfield>
    <subfield code="b">MU</subfield>
    <subfield code="c">SCHO</subfield>
    <subfield code="d">2014-03-19</subfield>
    <subfield code="l">0</subfield>
    <subfield code="o">PZ 8.1 .B755Mi 1990</subfield>
    <subfield code="p">MS2729</subfield>
    <subfield code="r">2014-03-19 00:00:00</subfield>
    <subfield code="t">15</subfield>
    <subfield code="w">2014-03-19</subfield>
    <subfield code="y">BK</subfield>
  </datafield>
  <datafield tag="952" ind1=" " ind2=" ">
    <subfield code="0">0</subfield>
    <subfield code="1">0</subfield>
    <subfield code="2">lcc</subfield>
    <subfield code="4">0</subfield>
    <subfield code="a">MU</subfield>
    <subfield code="b">MU</subfield>
    <subfield code="c">SCHO</subfield>
    <subfield code="d">2014-03-19</subfield>
    <subfield code="l">0</subfield>
    <subfield code="o">PZ 8.1 .B755Mi 1990</subfield>
    <subfield code="p">MS2727</subfield>
    <subfield code="r">2014-03-19 00:00:00</subfield>
    <subfield code="t">16</subfield>
    <subfield code="w">2014-03-19</subfield>
    <subfield code="y">BK</subfield>
  </datafield>
  <datafield tag="952" ind1=" " ind2=" ">
    <subfield code="0">0</subfield>
    <subfield code="1">0</subfield>
    <subfield code="2">lcc</subfield>
    <subfield code="4">0</subfield>
    <subfield code="a">MU</subfield>
    <subfield code="b">MU</subfield>
    <subfield code="c">SCHO</subfield>
    <subfield code="d">2014-03-19</subfield>
    <subfield code="l">0</subfield>
    <subfield code="o">PZ 8.1 .B755Mi 1990</subfield>
    <subfield code="p">MS2726</subfield>
    <subfield code="r">2014-03-19 00:00:00</subfield>
    <subfield code="t">17</subfield>
    <subfield code="w">2014-03-19</subfield>
    <subfield code="y">BK</subfield>
  </datafield>
  <datafield tag="952" ind1=" " ind2=" ">
    <subfield code="0">0</subfield>
    <subfield code="1">0</subfield>
    <subfield code="2">lcc</subfield>
    <subfield code="4">0</subfield>
    <subfield code="a">MU</subfield>
    <subfield code="b">MU</subfield>
    <subfield code="c">SCHO</subfield>
    <subfield code="d">2014-03-19</subfield>
    <subfield code="l">0</subfield>
    <subfield code="o">PZ 8.1 .B755Mi 1990</subfield>
    <subfield code="p">MS2725</subfield>
    <subfield code="r">2014-03-19 00:00:00</subfield>
    <subfield code="t">18</subfield>
    <subfield code="w">2014-03-19</subfield>
    <subfield code="y">BK</subfield>
  </datafield>
  <datafield tag="952" ind1=" " ind2=" ">
    <subfield code="0">0</subfield>
    <subfield code="1">0</subfield>
    <subfield code="2">lcc</subfield>
    <subfield code="4">0</subfield>
    <subfield code="a">MU</subfield>
    <subfield code="b">MU</subfield>
    <subfield code="c">SCHO</subfield>
    <subfield code="d">2014-03-19</subfield>
    <subfield code="l">0</subfield>
    <subfield code="o">PZ 8.1 .B755Mi 1990</subfield>
    <subfield code="p">MS2724</subfield>
    <subfield code="r">2014-03-19 00:00:00</subfield>
    <subfield code="t">19</subfield>
    <subfield code="w">2014-03-19</subfield>
    <subfield code="y">BK</subfield>
  </datafield>
  <datafield tag="952" ind1=" " ind2=" ">
    <subfield code="0">0</subfield>
    <subfield code="1">0</subfield>
    <subfield code="2">lcc</subfield>
    <subfield code="4">0</subfield>
    <subfield code="a">MU</subfield>
    <subfield code="b">MU</subfield>
    <subfield code="c">SCHO</subfield>
    <subfield code="d">2014-03-19</subfield>
    <subfield code="l">0</subfield>
    <subfield code="o">PZ 8.1 .B755Mi 1990</subfield>
    <subfield code="p">MS2723</subfield>
    <subfield code="r">2014-03-19 00:00:00</subfield>
    <subfield code="t">20</subfield>
    <subfield code="w">2014-03-19</subfield>
    <subfield code="y">BK</subfield>
  </datafield>
  <datafield tag="952" ind1=" " ind2=" ">
    <subfield code="0">0</subfield>
    <subfield code="1">0</subfield>
    <subfield code="2">lcc</subfield>
    <subfield code="4">0</subfield>
    <subfield code="a">MU</subfield>
    <subfield code="b">MU</subfield>
    <subfield code="c">SCHO</subfield>
    <subfield code="d">2014-03-19</subfield>
    <subfield code="l">0</subfield>
    <subfield code="o">PZ 8.1 .B755Mi 1990</subfield>
    <subfield code="p">MS2722</subfield>
    <subfield code="r">2014-03-19 00:00:00</subfield>
    <subfield code="t">21</subfield>
    <subfield code="w">2014-03-19</subfield>
    <subfield code="y">BK</subfield>
  </datafield>
  <datafield tag="952" ind1=" " ind2=" ">
    <subfield code="0">0</subfield>
    <subfield code="1">0</subfield>
    <subfield code="2">lcc</subfield>
    <subfield code="4">0</subfield>
    <subfield code="a">MU</subfield>
    <subfield code="b">MU</subfield>
    <subfield code="c">SCHO</subfield>
    <subfield code="d">2014-03-19</subfield>
    <subfield code="l">0</subfield>
    <subfield code="o">PZ 8.1 .B755Mi 1990</subfield>
    <subfield code="p">MS2721</subfield>
    <subfield code="r">2014-03-19 00:00:00</subfield>
    <subfield code="t">22</subfield>
    <subfield code="w">2014-03-19</subfield>
    <subfield code="y">BK</subfield>
  </datafield>
  <datafield tag="952" ind1=" " ind2=" ">
    <subfield code="0">0</subfield>
    <subfield code="1">0</subfield>
    <subfield code="2">lcc</subfield>
    <subfield code="4">0</subfield>
    <subfield code="a">MU</subfield>
    <subfield code="b">MU</subfield>
    <subfield code="c">SCHO</subfield>
    <subfield code="d">2014-03-19</subfield>
    <subfield code="l">0</subfield>
    <subfield code="o">PZ 8.1 .B755Mi 1990</subfield>
    <subfield code="p">MS2720</subfield>
    <subfield code="r">2014-03-19 00:00:00</subfield>
    <subfield code="t">23</subfield>
    <subfield code="w">2014-03-19</subfield>
    <subfield code="y">BK</subfield>
  </datafield>
  <datafield tag="952" ind1=" " ind2=" ">
    <subfield code="0">0</subfield>
    <subfield code="1">0</subfield>
    <subfield code="2">lcc</subfield>
    <subfield code="4">0</subfield>
    <subfield code="a">MU</subfield>
    <subfield code="b">MU</subfield>
    <subfield code="c">SCHO</subfield>
    <subfield code="d">2014-03-19</subfield>
    <subfield code="l">0</subfield>
    <subfield code="o">PZ 8.1 .B755Mi 1990</subfield>
    <subfield code="p">MS2719</subfield>
    <subfield code="r">2014-03-19 00:00:00</subfield>
    <subfield code="t">24</subfield>
    <subfield code="w">2014-03-19</subfield>
    <subfield code="y">BK</subfield>
  </datafield>
  <datafield tag="952" ind1=" " ind2=" ">
    <subfield code="0">0</subfield>
    <subfield code="1">0</subfield>
    <subfield code="2">lcc</subfield>
    <subfield code="4">0</subfield>
    <subfield code="a">MU</subfield>
    <subfield code="b">MU</subfield>
    <subfield code="c">SCHO</subfield>
    <subfield code="d">2014-03-19</subfield>
    <subfield code="l">0</subfield>
    <subfield code="o">PZ 8.1 .B755Mi 1990</subfield>
    <subfield code="p">MS2718</subfield>
    <subfield code="r">2014-03-19 00:00:00</subfield>
    <subfield code="t">25</subfield>
    <subfield code="w">2014-03-19</subfield>
    <subfield code="y">BK</subfield>
  </datafield>
  <datafield tag="952" ind1=" " ind2=" ">
    <subfield code="0">0</subfield>
    <subfield code="1">0</subfield>
    <subfield code="2">lcc</subfield>
    <subfield code="4">0</subfield>
    <subfield code="a">MU</subfield>
    <subfield code="b">MU</subfield>
    <subfield code="c">SCHO</subfield>
    <subfield code="d">2014-03-19</subfield>
    <subfield code="l">0</subfield>
    <subfield code="o">PZ 8.1 .B755Mi 1990</subfield>
    <subfield code="p">MS2717</subfield>
    <subfield code="r">2014-03-19 00:00:00</subfield>
    <subfield code="t">26</subfield>
    <subfield code="w">2014-03-19</subfield>
    <subfield code="y">BK</subfield>
  </datafield>
  <datafield tag="952" ind1=" " ind2=" ">
    <subfield code="0">0</subfield>
    <subfield code="1">0</subfield>
    <subfield code="2">lcc</subfield>
    <subfield code="4">0</subfield>
    <subfield code="a">MU</subfield>
    <subfield code="b">MU</subfield>
    <subfield code="c">SCHO</subfield>
    <subfield code="d">2014-03-19</subfield>
    <subfield code="l">0</subfield>
    <subfield code="o">PZ 8.1 .B755Mi 1990</subfield>
    <subfield code="p">MS2716</subfield>
    <subfield code="r">2014-03-19 00:00:00</subfield>
    <subfield code="t">27</subfield>
    <subfield code="w">2014-03-19</subfield>
    <subfield code="y">BK</subfield>
  </datafield>
  <datafield tag="952" ind1=" " ind2=" ">
    <subfield code="0">0</subfield>
    <subfield code="1">0</subfield>
    <subfield code="2">lcc</subfield>
    <subfield code="4">0</subfield>
    <subfield code="a">MU</subfield>
    <subfield code="b">MU</subfield>
    <subfield code="c">SCHO</subfield>
    <subfield code="d">2014-03-19</subfield>
    <subfield code="l">0</subfield>
    <subfield code="o">PZ 8.1 .B755Mi 1990</subfield>
    <subfield code="p">MS2743</subfield>
    <subfield code="r">2014-03-19 00:00:00</subfield>
    <subfield code="t">28</subfield>
    <subfield code="w">2014-03-19</subfield>
    <subfield code="y">BK</subfield>
  </datafield>
  <datafield tag="952" ind1=" " ind2=" ">
    <subfield code="0">0</subfield>
    <subfield code="1">0</subfield>
    <subfield code="2">lcc</subfield>
    <subfield code="4">0</subfield>
    <subfield code="a">MU</subfield>
    <subfield code="b">MU</subfield>
    <subfield code="c">SCHO</subfield>
    <subfield code="d">2014-03-19</subfield>
    <subfield code="l">0</subfield>
    <subfield code="o">PZ 8.1 .B755Mi 1990</subfield>
    <subfield code="p">MS2742</subfield>
    <subfield code="r">2014-03-19 00:00:00</subfield>
    <subfield code="t">29</subfield>
    <subfield code="w">2014-03-19</subfield>
    <subfield code="y">BK</subfield>
  </datafield>
</record>
